000 01411nam a2200217Ia 4500
001 11827
003 GE_BSU
008 181216s||||||||xx |||||||||||||| ||und||
040 _cGE_BSU
080 _a619:611-092(075.32) + 619:611-091(075.32)
100 _aმამათელაშვილი,ვლ.აბრამიშვილი, ქ. უსეინაშვილი, დ. ღრუბელაშვილი, ბ. ფიცხელაური.
245 _aსასოფლო–სამეურნეო ცხოველთა პათოლოგიური ფიზიოლოგია და პათოლოგიური ანატომია
245 _bსახელმძღვ. ზოოვეტ. ტექნიკუმებისათვის
245 _cრედ. ვლ.ფიფია
260 _aთბილისი
260 _bგანათლება
260 _c1967
300 _a379გვ.:ილ.;22სმ.
653 _aსასოფლო-სამეურნეო ცხოველების პათოლოგიური ფიზიოლოგია - სახელმძღვანელოები ტექნიკუმებისათვის; სასოფლო-სამეურნეო ცხოველების პათოლოგიური ანატომია
942 _cBK
999 _c45006
_d45006